[Event "Sparkassen Chess Trophy 2024 A-Open"]
[Site "Dortmund"]
[Date "2024.08.17"]
[Round "8"]
[White "Koehler, Ronald"]
[Black "Canino, Ruelle"]
[Result "1/2-1/2"]
[WhiteElo "2104"]
[BlackElo "1908"]
[PlyCount "151"]
[EventDate "2024.08.10"]

1. d4 g6 2. c4 Bg7 3. e4 d6 4. Nc3 e5 5. Nf3 exd4 6. Nxd4 Ne7 7. Bg5 O-O 8. Qd2 Nbc6 9. Nxc6 bxc6 10. Be2 Rb8 11. b3 Be6 12. Rd1 Qe8 13. O-O f5 14. Bf3 fxe4 15. Bxe4 Nf5 16. Rfe1 Nd4 17. Ne2 Nxe2+ 18. Rxe2 Qd7 19. Bxc6 Qxc6 20. Rxe6 Rf5 21. Re2 a5 22. Be3 a4 23. Qc2 axb3 24. axb3 Ra5 25. Bd2 Ra3 26. b4 d5 27. c5 Qa6 28. Rde1 Ra1 29. Bc1 Qc4 30. Qd1 Bh6 31. Rc2 Rxc1 32. Qxc1 Bxc1 33. Rxc4 dxc4 34. Rxc1 Rxb4 35. Kf1 Kf7 36. Ke2 Ke6 37. Rd1 Rb5 38. Rd8 Rxc5 39. Re8+ Kd6 40. Kd2 Rg5 41. g3 Rh5 42. h4 Rf5 43. f4 Rd5+ 44. Kc2 Rd3 45. g4 Rh3 46. h5 gxh5 47. g5 Rf3 48. Re4 h4 49. f5 Rxf5 50. Rxh4 Rxg5 51. Rxh7 Rg3 52. Rh5 c6 53. Rf5 Rd3 54. Rh5 Rd5 55. Rh8 Kc5 56. Rg8 Rh5 57. Kc3 Rh3+ 58. Kc2 Re3 59. Rh8 c3 60. Rh4 Kd5 61. Rh8 Kd4 62. Rh4+ Kc5 63. Rg4 Rh3 64. Rg5+ Kb4 65. Rg4+ Kb5 66. Rf4 c5 67. Rg4 Rh1 68. Kxc3 Rc1+ 69. Kb2 Rc4 70. Rg3 Rh4 71. Kc3 Rh6 72. Kb3 c4+ 73. Kb2 Kb4 74. Rg8 c3+ 75. Kc2 Rh2+ 76. Kc1 {erfasst durch pgnApp - www.pgn-app.com} 1/2-1/2

[Event "Sparkassen Chess Trophy 2024 A-Open"]
[Site "Dortmund"]
[Date "2024.08.17"]
[Round "8"]
[White "Gallas, Noel"]
[Black "Christodoulaki, Antonia"]
[Result "1-0"]
[WhiteElo "2053"]
[BlackElo "1994"]
[PlyCount "81"]
[EventDate "2024.08.10"]

1. e4 e6 2. d4 d5 3. e5 c5 4. c3 Nc6 5. Nf3 Bd7 6. Bd3 Rc8 7. O-O cxd4 8. Re1 b5 9. Nxd4 Nxd4 10. cxd4 Qb6 11. Be3 Ne7 12. Nc3 Qb7 13. Qe2 Rb8 14. a4 bxa4 15. Nxa4 Nc8 16. Rec1 Be7 17. Nc5 Bxc5 18. dxc5 Ne7 19. Qg4 Kf8 20. c6 Nxc6 21. Bc5+ Kg8 22. Bd6 Rd8 23. b4 a6 24. Qe2 Nd4 25. Qb2 Nb5 26. Bxb5 Qxb5 27. Rc7 Be8 28. Rac1 h6 29. Qc2 Bd7 30. h4 h5 31. Qd2 Rh6 32. R1c5 Qa4 33. Ra5 Qb3 34. Rxd7 Qb1+ 35. Kh2 Rg6 36. Qf4 f6 37. exf6 gxf6 38. Ra3 e5 39. Bxe5 Re8 40. Rg3 Rxe5 41. Qxf6 {erfasst durch pgnApp - www.pgn-app.com} 1-0

[Event "Sparkassen Chess Trophy 2024 A-Open"]
[Site "Dortmund"]
[Date "2024.08.17"]
[Round "8"]
[White "Manukonda Arun"]
[Black "Hirzel, Cedric"]
[Result "1-0"]
[WhiteElo "1988"]
[BlackElo "2116"]
[PlyCount "97"]
[EventDate "2024.08.10"]

1. d4 Nf6 2. c4 e6 3. Nf3 d5 4. Nc3 Be7 5. cxd5 exd5 6. Bf4 c6 7. h3 O-O 8. e3 Bf5 9. g4 Be4 10. g5 Nh5 11. Bxb8 Rxb8 12. Nxe4 dxe4 13. Nd2 g6 14. h4 c5 15. dxc5 Bxc5 16. Nxe4 Bb4+ 17. Ke2 Qa5 18. Bh3 Rfe8 19. Qc2 Rbd8 20. Rhd1 Rxd1 21. Rxd1 Qe5 22. Rd4 Qh2 23. Rxb4 Qxh3 24. Nf6+ Nxf6 25. gxf6 Qe6 26. Qa4 Rc8 27. Qxa7 Qxf6 28. Qxb7 Rc2+ 29. Kd3 Qxf2 30. Qb8+ Kg7 31. Qe5+ Kh6 32. Qf4+ Qxf4 33. exf4 Rc1 34. Rb7 Ra1 35. a3 f5 36. Ke2 Kh5 37. Rxh7+ Kg4 38. Rh6 Kxf4 39. Rxg6 Ra2 40. Rb6 Kg3 41. h5 Ra1 42. Rg6+ Kf4 43. h6 Rh1 44. b4 Rh3 45. Kf1 Ke3 46. Kg1 Rh4 47. b5 f4 48. b6 f3 49. Re6+ {erfasst durch pgnApp - www.pgn-app.com} 1-0

[Event "Sparkassen Chess Trophy 2024 A-Open"]
[Site "Dortmund"]
[Date "2024.08.17"]
[Round "8"]
[White "Cornelisse, Sam"]
[Black "Della Sala, Bruno"]
[Result "1-0"]
[WhiteElo "2119"]
[BlackElo "2010"]
[PlyCount "137"]
[EventDate "2024.08.10"]

1. d4 e6 2. c4 f5 3. a3 Nf6 4. Nc3 Be7 5. Nf3 O-O 6. Qc2 b6 7. g3 Bb7 8. Bg2 a5 9. O-O Ne4 10. d5 Nxc3 11. Qxc3 exd5 12. Ne1 d4 13. Qxd4 Bxg2 14. Nxg2 Na6 15. Be3 Kh8 16. Rfd1 Nc5 17. Rab1 a4 18. Qd5 Bd6 19. Bxc5 bxc5 20. Qf3 Rb8 21. b3 Ra8 22. Rd5 Qf6 23. Ne3 f4 24. Ng2 fxg3 25. hxg3 axb3 26. Qxf6 Rxf6 27. Rxb3 Raf8 28. f4 Re6 29. Kf2 Re4 30. Ne3 g6 31. Kf3 Rfe8 32. a4 Rd4 33. Rxd4 cxd4 34. Nc2 Ra8 35. Ke4 Rxa4 36. Kxd4 Ra2 37. Kd3 Kg7 38. Rb7 Ra5 39. e4 Rc5 40. Nd4 Be7 41. Nb5 Bd8 42. Rb8 Be7 43. Rb7 Bd8 44. Kd4 Rc6 45. Rb8 Be7 46. Rc8 Bc5+ 47. Kd3 h5 48. Rd8 d6 49. Rd7+ Kh6 50. Rxc7 Rxc7 51. Nxc7 Bf2 52. Ke2 Bxg3 53. Kf3 Be1 54. Ne6 Bc3 55. Ke3 Bf6 56. Kf3 g5 57. fxg5+ Bxg5 58. Nd4 Kg6 59. Nf5 Kf6 60. Nxd6 Ke6 61. Nb5 Ke5 62. c5 h4 63. Nd6 Ke6 64. Nf5 h3 65. Kg3 Ke5 66. Nd6 Be7 67. Nb7 Kxe4 68. c6 Bf6 69. Nd6+ {erfasst durch pgnApp - www.pgn-app.com} 1-0

[Event "Sparkassen Chess Trophy 2024 A-Open"]
[Site "Dortmund"]
[Date "2024.08.17"]
[Round "8"]
[White "Schaller, Fabian"]
[Black "Reuter, Julian-Frank"]
[Result "1/2-1/2"]
[WhiteElo "2086"]
[BlackElo "2091"]
[PlyCount "128"]
[EventDate "2024.08.10"]

1. d4 d5 2. Nc3 Nf6 3. Bf4 e6 4. e3 Bb4 5. Nge2 O-O 6. a3 Be7 7. Nc1 c5 8. Nd3 cxd4 9. exd4 Nc6 10. Ne5 Nd7 11. h4 Ndxe5 12. dxe5 f6 13. exf6 Bxf6 14. Bg3 Qb6 15. Rb1 Bd7 16. Be2 Ne7 17. Bd3 Bd4 18. O-O Nf5 19. Bxf5 Rxf5 20. Ne2 Bf6 21. b3 Qc5 22. a4 Rc8 23. c4 Bc6 24. cxd5 Qxd5 25. Nf4 Qxd1 26. Rfxd1 Kf7 27. Rbc1 Bxh4 28. Bxh4 Rxf4 29. Bg3 Rb4 30. Rc3 Re8 31. Bd6 Rd8 32. Bxb4 Rxd1+ 33. Kh2 Rb1 34. Bc5 a5 35. Bb6 Bd5 36. Rc7+ Kf6 37. Bxa5 Rxb3 38. Bc3+ Kf5 39. a5 g5 40. Bd2 Kg6 41. Be3 Ra3 42. Bb6 h5 43. Rc8 Kh7 44. Rc7+ Kg6 45. Rc8 e5 46. Re8 e4 47. Re5 Bf7 48. Rxe4 g4 49. Re3 Ra4 50. Rd3 Be6 51. Re3 Bf5 52. Kg3 Be4 53. Bd8 Kf5 54. Rc3 Rd4 55. Bb6 Rd1 56. f3 Bd5 57. Re3 Rh1 58. fxg4+ hxg4 59. Bd4 Be4 60. Rc3 Rd1 61. Rc5+ Kg6 62. Be3 Rd3 63. Kf4 Bxg2 64. Rg5+ Kf6 {erfasst durch pgnApp - www.pgn-app.com} 1/2-1/2

[Event "Sparkassen Chess Trophy 2024 A-Open"]
[Site "Dortmund"]
[Date "2024.08.17"]
[Round "8"]
[White "Guo, Philipp Ziming"]
[Black "Buchinger, Alexis"]
[Result "1-0"]
[WhiteElo "2146"]
[BlackElo "1991"]
[PlyCount "67"]
[EventDate "2024.08.10"]

1. e4 e5 2. Nf3 Nc6 3. d4 exd4 4. Nxd4 Nf6 5. Nc3 Bb4 6. Nxc6 bxc6 7. Bd3 d5 8. exd5 cxd5 9. O-O O-O 10. Bg5 c6 11. Qf3 Be7 12. h3 h6 13. Bf4 Be6 14. Ne2 c5 15. c3 Qd7 16. Rad1 Bf5 17. Be5 Bxd3 18. Qxd3 Qa4 19. Nf4 Qxa2 20. Bxf6 Bxf6 21. Nxd5 Bd8 22. Qb5 Bb6 23. c4 Qa5 24. Qc6 Qa6 25. Ra1 Qxc4 26. Nxb6 axb6 27. Rxa8 Rxa8 28. Qxa8+ Kh7 29. Qf3 b5 30. Rd1 b4 31. Qd3+ Qxd3 32. Rxd3 c4 33. Rd4 c3 34. b3 {erfasst durch pgnApp - www.pgn-app.com} 1-0

[Event "Sparkassen Chess Trophy 2024 A-Open"]
[Site "Dortmund"]
[Date "2024.08.17"]
[Round "8"]
[White "Schwibbert, Jonas"]
[Black "Sommer, Justus"]
[Result "0-1"]
[WhiteElo "2147"]
[BlackElo "2075"]
[PlyCount "168"]
[EventDate "2024.08.10"]

1. Nf3 Nf6 2. b3 d5 3. Bb2 e6 4. e3 Be7 5. c4 O-O 6. Be2 b6 7. Qc2 Bb7 8. Nc3 c5 9. cxd5 Nxd5 10. Rd1 Nxc3 11. Bxc3 Bf6 12. d4 Qe7 13. O-O Nd7 14. Qb2 Rfd8 15. b4 cxd4 16. Bxd4 h6 17. Rd2 Bxd4 18. Nxd4 Nf6 19. Rfd1 Ne4 20. Rc2 Rac8 21. Rcc1 Qg5 22. Bf3 Bd5 23. Rxc8 Rxc8 24. Rc1 Qd8 25. Bxe4 Bxe4 26. f3 Bd5 27. a3 e5 28. Nf5 Rxc1+ 29. Qxc1 Be6 30. Qc2 Qg5 31. e4 Bxf5 32. exf5 Qe3+ 33. Kf1 Qxa3 34. Qe4 Qc1+ 35. Ke2 Qb2+ 36. Kf1 Qc1+ 37. Ke2 Qc7 38. b5 Kf8 39. g4 Ke7 40. h4 f6 41. h5 Qd7 42. Qc4 Kd6 43. Kd3 Qe8 44. Ke2 Kd7 45. Ke3 Kd6 46. Ke2 Qd7 47. Kd3 Ke7+ 48. Ke2 Kf8 49. Ke1 Qd6 50. Qc8+ Kf7 51. Qb7+ Qe7 52. Qd5+ Kf8 53. Qa8+ Qe8 54. Qd5 Qc8 55. Ke2 Qc2+ 56. Ke1 Qc3+ 57. Ke2 Qb2+ 58. Ke1 Qb1+ 59. Ke2 Qc2+ 60. Ke1 Qc7 61. Ke2 Qc8 62. Ke1 Ke7 63. Ke2 a5 64. bxa6 Qxa6+ 65. Kf2 Qc8 66. Kg3 Qd7 67. Qb3 b5 68. Qb4+ Kf7 69. Qb3+ Kf8 70. Qb4+ Ke8 71. Qb3 Kd8 72. Qa3 Kc7 73. Qc5+ Kb7 74. Kg2 Qc6 75. Qe7+ Qc7 76. Qe6 b4 77. Qb3 Qe7 78. Kf1 Kb6 79. Ke2 Kc5 80. Qc2+ Kb6 81. Qb3 Qd6 82. Qc4 Qc5 83. Qb3 Kb5 84. Ke1 Qc3+ {erfasst durch pgnApp - www.pgn-app.com} 0-1

[Event "Sparkassen Chess Trophy 2024 A-Open"]
[Site "Dortmund"]
[Date "2024.08.17"]
[Round "8"]
[White "Eckert, Marius"]
[Black "Winkler, Yonathan"]
[Result "0-1"]
[WhiteElo "2129"]
[BlackElo "2047"]
[PlyCount "74"]
[EventDate "2024.08.10"]

1. c4 e5 2. g3 Nc6 3. Bg2 f5 4. d3 Nf6 5. Nc3 Bc5 6. e3 O-O 7. Nge2 d6 8. O-O Ne7 9. Na4 Bb6 10. Nxb6 axb6 11. f4 c6 12. b3 Qc7 13. Bb2 Be6 14. h3 h6 15. Qc2 c5 16. Kh2 Nc6 17. Nc3 Rad8 18. Nb5 Qb8 19. d4 exd4 20. exd4 d5 21. dxc5 bxc5 22. Rfe1 Nb4 23. Qe2 Ne4 24. a3 Nc6 25. cxd5 Bxd5 26. Qc2 b6 27. Rad1 Qb7 28. Bf1 Na5 29. Re3 Qf7 30. b4 Bb3 31. Rxb3 Qxb3 32. Qxb3+ Nxb3 33. Bc4+ Kh8 34. Bxb3 Rxd1 35. Bxd1 Rd8 36. bxc5 Rd2+ 37. Kg1 Rxd1+ {erfasst durch pgnApp - www.pgn-app.com} 0-1

[Event "Sparkassen Chess Trophy 2024 A-Open"]
[Site "Dortmund"]
[Date "2024.08.17"]
[Round "8"]
[White "Kruse, Victor"]
[Black "Wichtrup, Jan-Louis"]
[Result "0-1"]
[WhiteElo "2063"]
[BlackElo "2138"]
[PlyCount "56"]
[EventDate "2024.08.10"]

1. d4 Nf6 2. c4 e6 3. Nf3 d5 4. Nc3 c5 5. cxd5 Nxd5 6. e4 Nxc3 7. bxc3 cxd4 8. cxd4 Bb4+ 9. Bd2 Bxd2+ 10. Qxd2 O-O 11. Bc4 Nd7 12. O-O b6 13. Rad1 Bb7 14. Rfe1 Rc8 15. Bb3 h6 16. h3 Re8 17. Qf4 Qc7 18. Ne5 Nxe5 19. dxe5 b5 20. Rd6 a5 21. g4 a4 22. Bd1 Qc1 23. Re3 Red8 24. Qf3 f5 25. Rc3 Rxc3 26. Rxd8+ Kh7 27. Qe2 Bxe4 28. gxf5 Qg5+ {erfasst durch pgnApp - www.pgn-app.com} 0-1

[Event "Sparkassen Chess Trophy 2024 A-Open"]
[Site "Dortmund"]
[Date "2024.08.17"]
[Round "8"]
[White "Murawski, Jan"]
[Black "Steinmetzer, Thomas"]
[Result "1/2-1/2"]
[WhiteElo "2093"]
[BlackElo "2215"]
[PlyCount "99"]
[EventDate "2024.08.10"]

1. d4 Nf6 2. c4 e6 3. Nc3 Bb4 4. Nf3 b6 5. g3 Bxc3+ 6. bxc3 Bb7 7. Bg2 O-O 8. O-O d6 9. a4 h6 10. Nd2 Bxg2 11. Kxg2 d5 12. f3 Nc6 13. Qc2 Na5 14. Ba3 Re8 15. Qd3 Rc8 16. cxd5 exd5 17. e4 dxe4 18. fxe4 Nxe4 19. Nxe4 Qd5 20. Rf4 f5 21. Re1 Rxe4 22. Rfxe4 Nc4 23. Qf3 fxe4 24. Rxe4 c6 25. Bc1 Rf8 26. Rf4 Qxf3+ 27. Kxf3 Rxf4+ 28. gxf4 Kf7 29. Ke4 Ke6 30. f5+ Kf6 31. Bf4 Nb2 32. Be5+ Kf7 33. d5 cxd5+ 34. Kxd5 Nxa4 35. Bd4 Nc5 36. Kc6 Ne4 37. Kb7 Nd6+ 38. Kxa7 Nxf5 39. Kxb6 g5 40. Bf2 Nd6 41. Bg3 Ne4 42. c4 Nxg3 43. hxg3 h5 44. c5 h4 45. gxh4 gxh4 46. c6 h3 47. c7 h2 48. c8=Q h1=Q 49. Qb7+ Qxb7+ 50. Kxb7 {erfasst durch pgnApp - www.pgn-app.com} 1/2-1/2

[Event "Sparkassen Chess Trophy 2024 A-Open"]
[Site "Dortmund"]
[Date "2024.08.17"]
[Round "8"]
[White "Keyser, Robin"]
[Black "Zwirs, Jasper"]
[Result "1-0"]
[WhiteElo "2229"]
[BlackElo "2088"]
[PlyCount "129"]
[EventDate "2024.08.10"]

1. c4 c6 2. Nf3 d5 3. d4 Nf6 4. g3 Bg4 5. Ne5 Bf5 6. Qb3 Qb6 7. cxd5 Qxb3 8. axb3 Nxd5 9. Bg2 Nb4 10. Na3 f6 11. Nec4 N8a6 12. O-O O-O-O 13. e4 Bd7 14. Rd1 g5 15. Be3 Kb8 16. Rac1 h6 17. Nb1 Bg4 18. Rd2 e6 19. Nc3 Nc7 20. f3 Bh5 21. Rcd1 Bf7 22. g4 Be7 23. Bf2 Rd7 24. Kf1 Rhd8 25. Ke1 Nca6 26. Ne3 Bd6 27. e5 Be7 28. Ne4 f5 29. gxf5 exf5 30. Nxf5 Bxb3 31. Rc1 Nd5 32. e6 Rc7 33. Rd3 Ba4 34. Bg3 Nf4 35. Bxf4 gxf4 36. Nxe7 Rxe7 37. Bh3 Bb5 38. Rd2 Nc7 39. Rc5 Rd5 40. Rxd5 cxd5 41. Nc3 Bc4 42. Kf2 Kc8 43. Ne2 Bxe2 44. Rxe2 Nb5 45. Re5 Nxd4 46. Rxd5 Nc6 47. Rc5 Kc7 48. Rc4 Kd6 49. Rxf4 Ne5 50. Rd4+ Kc5 51. Rd2 Ng6 52. Rd7 Re8 53. Rxb7 Nf4 54. Bf5 Nxe6 55. Rxa7 Nd4 56. Be4 Rb8 57. Rc7+ Kd6 58. Rb7 Rh8 59. Ke3 Ne6 60. Rb6+ Ke7 61. f4 Rd8 62. f5 Ng5 63. Bd3 Nf7 64. Re6+ Kf8 65. b4 {erfasst durch pgnApp - www.pgn-app.com} 1-0

[Event "Sparkassen Chess Trophy 2024 A-Open"]
[Site "Dortmund"]
[Date "2024.08.17"]
[Round "8"]
[White "Mainka, Alwin"]
[Black "Malinowsky, Levi"]
[Result "1/2-1/2"]
[WhiteElo "2240"]
[BlackElo "2006"]
[PlyCount "107"]
[EventDate "2024.08.10"]

1. e4 c5 2. Nf3 d6 3. d4 cxd4 4. Nxd4 Nf6 5. Nc3 a6 6. g3 e5 7. Nde2 Be7 8. Bg2 b5 9. a3 Bb7 10. h3 h5 11. Bg5 Nbd7 12. O-O O-O 13. Nc1 Rc8 14. Re1 g6 15. Nd3 Qc7 16. a4 bxa4 17. Rxa4 Nb6 18. Ra1 Nc4 19. Na4 Nb6 20. Nxb6 Qxb6 21. b3 Nd5 22. Bxe7 Nxe7 23. c4 Nc6 24. Rc1 a5 25. Kh2 Nd4 26. Rb1 Kg7 27. c5 Qd8 28. Qd2 f6 29. Rec1 dxc5 30. Kh1 Qb6 31. f4 Nxb3 32. Nxc5 Rxc5 33. Rxc5 Qxc5 34. Rxb3 Ba6 35. f5 Qd4 36. Qxd4 exd4 37. Ra3 Rc8 38. Rxa5 Rc1+ 39. Kh2 Be2 40. Ra7+ Kh6 41. Rd7 d3 42. fxg6 Kxg6 43. e5 fxe5 44. Be4+ Kf6 45. g4 h4 46. Rd6+ Kg5 47. Kg2 Rd1 48. Kf2 Kf4 49. Bg2 Bxg4 50. hxg4 Rd2+ 51. Ke1 Kxg4 52. Be4 Kf4 53. Rxd3 Rxd3 54. Bxd3 {erfasst durch pgnApp - www.pgn-app.com} 1/2-1/2

[Event "Sparkassen Chess Trophy 2024 A-Open"]
[Site "Dortmund"]
[Date "2024.08.17"]
[Round "8"]
[White "Rosen, Bernd"]
[Black "Kurt, Sascha"]
[Result "1/2-1/2"]
[WhiteElo "2245"]
[BlackElo "2064"]
[PlyCount "88"]
[EventDate "2024.08.10"]

1. c4 Nf6 2. g3 g6 3. Bg2 Bg7 4. Nc3 O-O 5. e4 c5 6. Nge2 Nc6 7. d3 d6 8. O-O a6 9. h3 Rb8 10. a4 Ne8 11. Be3 b5 12. cxb5 axb5 13. Nxb5 Nc7 14. Nec3 Nxb5 15. Nxb5 Ba6 16. f4 Bxb5 17. axb5 Rxb5 18. e5 Qb6 19. Qf3 Nb4 20. Ra8 Nxd3 21. Rxf8+ Bxf8 22. Qe4 Nxb2 23. f5 dxe5 24. fxg6 hxg6 25. Qd5 Qe6 26. Qxe6 fxe6 27. Rb1 c4 28. Bf1 Rb3 29. Bxc4 Rxe3 30. Bxe6+ Kg7 31. Kf2 Rd3 32. Rxb2 Kf6 33. Bc4 Rd6 34. Rb3 e6 35. Rf3+ Ke7 36. Bd3 e4 37. Bxe4 e5 38. Rb3 Rf6+ 39. Ke2 Ke6 40. Rb6+ Bd6 41. h4 Kf7 42. Kd3 Bc5 43. Rb7+ Kf8 44. Kc4 Bf2 {Erfassung abgebrochen - unleserlich; erfasst durch pgnApp - www.pgn-app.com} 1/2-1/2

[Event "Sparkassen Chess Trophy 2024 A-Open"]
[Site "Dortmund"]
[Date "2024.08.17"]
[Round "8"]
[White "Mann, Gergely"]
[Black "Gluma, Christian"]
[Result "1-0"]
[WhiteElo "2062"]
[BlackElo "2091"]
[PlyCount "85"]
[EventDate "2024.08.10"]

1. d4 e6 2. e4 d5 3. Nc3 Nf6 4. Bg5 dxe4 5. Nxe4 Be7 6. Bxf6 gxf6 7. Nf3 Nd7 8. Qd2 b6 9. Bc4 f5 10. Nc3 Bf6 11. O-O-O Bb7 12. Qf4 Rg8 13. Rhe1 Rxg2 14. Kb1 Qe7 15. Bd5 c6 16. Bb3 Rg4 17. Qe3 O-O-O 18. h3 Rg2 19. Qf4 Bg5 20. Nxg5 Qxg5 21. Qd6 Nc5 22. Qe5 Nxb3 23. axb3 Rxf2 24. Ne4 Qf4 25. Nxf2 Qxf2 26. Rg1 Qf3 27. Rd3 Qh5 28. Rdg3 Qh4 29. Rg8 Kd7 30. Rxd8+ Qxd8 31. Rg7 Ke7 32. Rxh7 c5 33. Qg7 Qf8 34. Qg5+ Kd6 35. Qf6 Be4 36. Rxf7 Qc8 37. Qe5+ Kc6 38. dxc5 bxc5 39. h4 Kb5 40. Rc7 Qf8 41. h5 Kb6 42. h6 f4 43. h7 {erfasst durch pgnApp - www.pgn-app.com} 1-0

[Event "Sparkassen Chess Trophy 2024 A-Open"]
[Site "Dortmund"]
[Date "2024.08.17"]
[Round "8"]
[White "Michalke, Guenter"]
[Black "Stevens, Titus"]
[Result "1/2-1/2"]
[WhiteElo "2174"]
[BlackElo "2005"]
[PlyCount "71"]
[EventDate "2024.08.10"]

1. d4 Nf6 2. Nf3 g6 3. g3 Bg7 4. Bg2 d5 5. c4 c6 6. O-O O-O 7. cxd5 cxd5 8. Ne5 Nc6 9. Nc3 Bf5 10. Nxc6 bxc6 11. Na4 Nd7 12. Bf4 Qa5 13. b3 Rac8 14. Rc1 Rfd8 15. Be3 Qb4 16. Qe1 Qa3 17. Qd2 c5 18. dxc5 d4 19. Bxd4 Bxd4 20. Qxd4 Nxc5 21. Qe3 Nxa4 22. Rxc8 Rxc8 23. Qxa7 Qxa2 24. bxa4 Qxe2 25. Qe3 Qa2 26. Qxe7 Qxa4 27. Bd5 Qe8 28. Re1 Qxe7 29. Rxe7 Rf8 30. h4 Kg7 31. f4 h5 32. Kf2 Bg4 33. Ke3 Kf6 34. Rc7 Re8+ 35. Kd4 Be6 36. Bxe6 {erfasst durch pgnApp - www.pgn-app.com} 1/2-1/2

[Event "Sparkassen Chess Trophy 2024 A-Open"]
[Site "Dortmund"]
[Date "2024.08.17"]
[Round "8"]
[White "Moeller, Maurin"]
[Black "Sabirov, Rafael"]
[Result "1/2-1/2"]
[WhiteElo "2082"]
[BlackElo "2123"]
[PlyCount "24"]
[EventDate "2024.08.10"]

1. d4 d5 2. c4 dxc4 3. e3 Nf6 4. Bxc4 e6 5. Nf3 c5 6. O-O a6 7. dxc5 Bxc5 8. Qe2 O-O 9. a3 b5 10. Bd3 Bb7 11. b4 Bd6 12. Bb2 Nbd7 {erfasst durch pgnApp - www.pgn-app.com} 1/2-1/2

[Event "Sparkassen Chess Trophy 2024 A-Open"]
[Site "Dortmund"]
[Date "2024.08.17"]
[Round "8"]
[White "Hoppe, Thilo"]
[Black "Riemland, Arnold"]
[Result "1-0"]
[WhiteElo "2101"]
[BlackElo "2112"]
[PlyCount "68"]
[EventDate "2024.08.10"]

1. d4 Nf6 2. c4 g6 3. Nc3 d5 4. cxd5 Nxd5 5. e4 Nxc3 6. bxc3 c5 7. Bc4 Bg7 8. Ne2 Nc6 9. Be3 O-O 10. O-O Qc7 11. Rc1 Rd8 12. h4 e6 13. h5 a6 14. h6 Bf8 15. a4 Na5 16. Bd3 c4 17. Bc2 b5 18. Ng3 f5 19. Bg5 Be7 20. Bxe7 Qxe7 21. axb5 f4 22. Nh1 axb5 23. e5 Qg5 24. Rb1 Rf8 25. f3 Bd7 26. Nf2 Qxh6 27. Ng4 Qg7 28. Nf6+ Kh8 29. Qd2 Nc6 30. Qxf4 Ra2 31. Be4 Ne7 32. Rfd1 Ra4 33. Qg5 Ng8 34. Nxg8 Rxg8 {Erfassung abgebrochen - unleserlich; erfasst durch pgnApp - www.pgn-app.com} 1-0

[Event "Sparkassen Chess Trophy 2024 A-Open"]
[Site "Dortmund"]
[Date "2024.08.17"]
[Round "8"]
[White "Engel, Bruno"]
[Black "Thiel, Thomas"]
[Result "1-0"]
[WhiteElo "2211"]
[BlackElo "2129"]
[PlyCount "63"]
[EventDate "2024.08.10"]

1. d4 Nf6 2. Nc3 d5 3. Bf4 c6 4. e3 Bf5 5. Bd3 Bxd3 6. cxd3 e6 7. Nf3 Nh5 8. Be5 Nd7 9. g4 Nhf6 10. g5 Nxe5 11. Nxe5 Nd7 12. Nxd7 Qxd7 13. Rg1 g6 14. h4 h6 15. a3 hxg5 16. hxg5 Be7 17. Ne2 Rh2 18. Qa4 a5 19. Rc1 Bd6 20. f4 Bc7 21. Kd2 O-O-O 22. Rh1 Rdh8 23. Rxh2 Rxh2 24. Rf1 Qe8 25. Qc2 Qh8 26. Qc5 Kb8 27. b4 Qd8 28. Qc3 axb4 29. axb4 Bd6 30. Ra1 Qb6 31. Ra4 Rh3 32. Qa3 {Erfassung abgebrochen - unleserlich; erfasst durch pgnApp - www.pgn-app.com} 1-0

[Event "Sparkassen Chess Trophy 2024 A-Open"]
[Site "Dortmund"]
[Date "2024.08.17"]
[Round "8"]
[White "Strehse, Nelson"]
[Black "Weigand, Anton"]
[Result "1-0"]
[WhiteElo "2223"]
[BlackElo "2115"]
[PlyCount "47"]
[EventDate "2024.08.10"]

1. e4 c5 2. Nf3 Nc6 3. Bb5 e6 4. O-O Nge7 5. d4 cxd4 6. Nxd4 a6 7. Nxc6 Nxc6 8. Be2 Be7 9. c4 O-O 10. Nc3 d6 11. Be3 Rb8 12. Qd2 Qc7 13. Rad1 Rd8 14. b3 Qa5 15. a4 d5 16. cxd5 Bb4 17. Qc2 Ne7 18. Na2 Bd6 19. b4 Qc7 20. Qxc7 Bxc7 21. d6 Rxd6 22. Rxd6 Bxd6 23. Rd1 Bc7 24. Bf4 {erfasst durch pgnApp - www.pgn-app.com} 1-0

[Event "Sparkassen Chess Trophy 2024 A-Open"]
[Site "Dortmund"]
[Date "2024.08.17"]
[Round "8"]
[White "Kiese, Matthias"]
[Black "Collin, Moritz Valentin"]
[Result "1/2-1/2"]
[WhiteElo "2106"]
[BlackElo "2234"]
[PlyCount "43"]
[EventDate "2024.08.10"]

1. d4 Nf6 2. Nf3 e6 3. Bg5 c5 4. e3 h6 5. Bxf6 Qxf6 6. Nbd2 cxd4 7. exd4 d6 8. c3 Nd7 9. Bd3 g6 10. O-O Bg7 11. a4 O-O 12. a5 Qd8 13. Re1 Rb8 14. Qa4 Nf6 15. Qa3 Qc7 16. Nc4 Rd8 17. Bf1 Nd5 18. Ne3 Ne7 19. Nc4 Nd5 20. Ne3 Ne7 21. Nc4 Nd5 22. Ne3 {erfasst durch pgnApp - www.pgn-app.com} 1/2-1/2

[Event "Sparkassen Chess Trophy 2024 A-Open"]
[Site "Dortmund"]
[Date "2024.08.17"]
[Round "8"]
[White "Frayna, Janelle Mae"]
[Black "Van der Hagen, Loek"]
[Result "1/2-1/2"]
[WhiteElo "2162"]
[BlackElo "2334"]
[PlyCount "160"]
[EventDate "2024.08.10"]

1. e4 c5 2. Nf3 Nc6 3. Bb5 g6 4. O-O Bg7 5. Re1 d6 6. Bxc6+ bxc6 7. e5 d5 8. d3 Bg4 9. Nbd2 e6 10. h3 Bxf3 11. Nxf3 Ne7 12. Bg5 h6 13. Be3 Qb6 14. Rb1 Nf5 15. Bd2 Qa6 16. b4 c4 17. g4 Ne7 18. Be3 g5 19. d4 Ng6 20. Qd2 Kd7 21. c3 Qa4 22. b5 cxb5 23. Rb4 Qa5 24. a4 a6 25. axb5 axb5 26. Reb1 Rhb8 27. h4 Bf8 28. R4b2 Nxh4 29. Nxh4 gxh4 30. Bxh6 Bxh6 31. Qxh6 Rb7 32. Rb4 Qa3 33. Rxb5 Rxb5 34. Rxb5 Qa4 35. Rb7+ Kc6 36. Rxf7 Qd1+ 37. Kh2 Qxg4 38. Re7 Kb5 39. Rxe6 h3 40. Rb6+ Ka5 41. Rg6 Qf5 42. Rf6 Qe4 43. Qg6 Qe1 44. Qc2 Qa1 45. Qh7 Qf1 46. Qxh3 Qb1 47. Qe6 Rh8+ 48. Rh6 Rxh6+ 49. Qxh6 Qc2 50. Qe3 Qh7+ 51. Qh3 Qe4 52. Qe3 Qh4+ 53. Kg2 Qg4+ 54. Qg3 Qe4+ 55. Qf3 Qg6+ 56. Kh2 Qh6+ 57. Qh3 Qf4+ 58. Qg3 Qe4 59. Qg5 Ka4 60. Qe3 Qh4+ 61. Kg2 Qg4+ 62. Kf1 Qd1+ 63. Kg2 Qg4+ 64. Qg3 Qe4+ 65. Kh3 Kb3 66. Qe3 Qf5+ 67. Kg3 Qg6+ 68. Kf4 Qf7+ 69. Kg4 Qg6+ 70. Kh4 Qh7+ 71. Kg5 Qg7+ 72. Kf5 Qf7+ 73. Kg4 Qg6+ 74. Kf3 Qh5+ 75. Kg2 Qg4+ 76. Qg3 Qe4+ 77. Qf3 Qg6+ 78. Kh3 Qh6+ 79. Kg4 Qg6+ 80. Kf4 Qh6+ {erfasst durch pgnApp - www.pgn-app.com} 1/2-1/2

[Event "Sparkassen Chess Trophy 2024 A-Open"]
[Site "Dortmund"]
[Date "2024.08.17"]
[Round "8"]
[White "Froeyman, Helmut"]
[Black "Van Amerongen, Arjen"]
[Result "1-0"]
[WhiteElo "2252"]
[BlackElo "2011"]
[PlyCount "48"]
[EventDate "2024.08.10"]

1. e4 g6 2. d4 Bg7 3. Nf3 a6 4. Nc3 d6 5. Be2 Nf6 6. O-O O-O 7. Re1 Nc6 8. d5 Na7 9. a4 e6 10. Be3 Re8 11. Qd2 Bd7 12. h3 b5 13. dxe6 Rxe6 14. Ng5 Re8 15. Bxa7 b4 16. Bc4 bxc3 17. Bxf7+ Kf8 18. Qf4 Rxa7 19. Bxe8 Qxe8 20. e5 cxb2 21. Rab1 dxe5 22. Rxe5 Qxe5 23. Qxe5 Rb7 24. Rxb2 Rxb2 {erfasst durch pgnApp - www.pgn-app.com} 1-0

[Event "Sparkassen Chess Trophy 2024 A-Open"]
[Site "Dortmund"]
[Date "2024.08.17"]
[Round "8"]
[White "Bernig Le Duigou, Vincent"]
[Black "Schimnatkowski, Lukas"]
[Result "1-0"]
[WhiteElo "1876"]
[BlackElo "2235"]
[PlyCount "87"]
[EventDate "2024.08.10"]

1. d4 Nf6 2. c4 e6 3. Nc3 Bb4 4. Bd2 O-O 5. e3 d5 6. Nf3 b6 7. cxd5 exd5 8. Bd3 Bd6 9. Rc1 c5 10. O-O Nc6 11. a3 Bb7 12. Re1 Re8 13. h3 Rc8 14. Bf5 Rb8 15. Bb1 Bf8 16. Qa4 Ne4 17. dxc5 Nxd2 18. Nxd2 bxc5 19. Nf3 d4 20. Red1 g6 21. Ne4 Qe7 22. Nxc5 dxe3 23. Nxb7 exf2+ 24. Kxf2 Ne5 25. Be4 Bh6 26. Rc3 Nxf3 27. Bxf3 Be3+ 28. Kf1 Qg5 29. Re1 Re6 30. h4 Qe7 31. Qb4 Bc5 32. Rxe6 Bd6 33. Rxe7 Bxe7 34. Rc4 Kg7 35. g3 Kf6 36. Be4 g5 37. Nc5 Bxc5 38. hxg5+ Kxg5 39. Rxc5+ f5 40. g4 Kf4 41. Rxf5+ Kg3 42. Ke2 Rc8 43. Rf3+ Kxg4 44. Rc3 {erfasst durch pgnApp - www.pgn-app.com} 1-0